| 000 | 00568 a2200181 4500 | ||
|---|---|---|---|
| 020 |
_a0007191197 _c575.60 |
||
| 035 | _aB-211598 | ||
| 037 | _bRP-ZLS-2783 / UBH-07-08:6 / RP-07-08:ENG | ||
| 082 | 1 | 4 | _aN |
| 090 |
_c4976 _d4976 |
||
| 100 | 1 | _aChristies, Agatha | |
| 245 | 1 |
_aThe body in the library _cby Agatha Christies |
|
| 260 |
_aLondon _bHarper Collins Publishers _c2005 |
||
| 300 |
_a302 p _c18 cm (pbk) |
||
| 490 | _aAgatha Christies | ||
| 942 |
_adpl _cEN _kN / CHI |
||
| 999 |
_c4881 _d4881 |
||